000 00375cam a22001337a 4500
008 180718b xxu||||| |||| 00| 0 eng d
082 _aT421 R895
100 _aRush, Peter
245 _aWorld bank: enemy of third world development
_cby Peter Rush
260 _aNew Delhi
_bNew Wave
_c
300 _a90p.
650 _aFinancial institutions, International
650 _aWorld Bank
999 _c482288
_d482288